Statistics for Car Brands

Click here to take the quiz!

General Stats

  • This quiz has been taken 25 times
  • The average score is 13 of 16

Answer Stats

Answer% Correct
Honda
100%
Jaguar
100%
Lexus
95%
Mercedes
95%
Audi
90%
Mitsubishi
90%
subaru
90%
Bentley
86%
Chevrolet
86%
Mazda
86%
Cadillac
71%
Mustang
71%
Peugeot
71%
Infiniti
57%
Seat
48%
Abarth
14%

Score Distribution

Percentile by Number Answered

Percent of People with Each Score

Your Score History

You have not taken this quiz